| 000 | 00522nam a22001697a 4500 | ||
|---|---|---|---|
| 008 | 150520b xxu||||| |||| 00| 0 eng d | ||
| 020 | _a9280810898 (pbk.) | ||
| 041 | 0 | _aeng | |
| 080 | _a339.9 | ||
| 245 | 0 | 0 |
_aAsia and Africa in the global economy / _cedited by Ernest Aryeetey ... [et al.]. |
| 260 |
_aTokyo ; _aNew York : _bUnited Nations University Press, _cc2003. |
||
| 300 |
_a418 f _bme il _c24 cm. |
||
| 505 | _aIndex:f. 405-418 | ||
| 650 | 0 |
_aGlobalizimi _vKongreset |
|
| 700 | 1 | _aAryeetey, Ernest, | |
| 942 |
_2udc _cBK |
||
| 999 |
_c864 _d864 |
||